00951nam a2200265 i 450000100060000000300090000600500170001500700030003200800410003502000180007608000190009408000280011310000370014124500900017826000340026830000220030249000260032450400320035060000410038265100560042383000340047985200330051399900170054695201220056310266ES-MaACL20250604062618.0t|950407s1993 sp ||||1| spa d a84-376-1155-5 a9(46)"1902/31" a32:92 Canalejas, José1 aForner Muñoz, Salvador.95177810aCanalejas y el Partido Liberal Democrático (1900-1910) / cSalvador Forner Muñoz. aMadrid : bCátedra, c1993. a182 p. ; c21 cm.1 aHistoria. Serie menor aBibliografía: p. 173-182.14aCanalejas, José,d1854-1912934382 4aEspaña-xHistoria-y1902-1931, Alfonso XIII982760 aHistoria. Serie menor9178513 aES-MaACLjL-17773 bR.122948 c10266d10266 00104070aATENEOMbATENEOMcDEPO2d2008-01-17eSCl0oL-17773p1010476r2023-02-23 00:00:00w2023-02-23yMONOGRAFIA